Partida de caza [juego] /

Guardado en:
Formato: Objeto Físico
Publicado: Argentina : Antex, c1981.
Materias:
Etiquetas: Agregar Etiqueta
Sin Etiquetas, Sea el primero en etiquetar este registro!
LEADER 00704nrm a22001575g 4500
001 CEM.cems019422
008 130507s1981##################0###0#####d
005 20220830180935.0
245 0 0 |a Partida de caza [juego] /  |c Sallent Hnos. 
260 |a Argentina :  |b Antex,  |c c1981. 
300 |a 1 juego (1 tablero, 108 fichas de animales, 36 tarjetas-sorp.resa,6 p.eones, 2 dados) ; en caja 29 x 39 x 5 cm. + manual de instrucciones 
490 J u |g Los educa / antex 
500 |a Para 2 a 6 jugadores a partir de 6 años y adultos objetivo: regresar al pueblo con siete piezas preservando el equilibrio ecológico. 
082 0 4 |a J795 
653 |a 1. juegos de recorrido 
859 |a CEMS  |b BIB. CEMS - Ludoteca  |h J795  |i Sa82  |p 176.99  |t Ej.1